| 000 | 01431nam0a2200385 4500 | ||
|---|---|---|---|
| 001 | RU\NLR\bibl\1400424 | ||
| 005 | 20250615204043.0 | ||
| 010 | _a978-5-397-00715-3 | ||
| 021 |
_aRU _b2009-45066 _92738 |
||
| 035 | _a(nilc)RSL-KNO-004337448 | ||
| 035 | _a(NLR Aleph) 001392432 | ||
| 090 |
_a1170746 _c1170746 |
||
| 100 | _a20090529d2009 |||y0rusy50 ca | ||
| 101 | 0 | _arus | |
| 102 | _aRU | ||
| 105 | _ay ||||||||| | ||
| 200 | 1 |
_aКлассические калибровочные поля _eтеория с фермионами. Некоммутативные теории _fВ. А. Рубаков |
|
| 205 | _aИзд. 3-е | ||
| 210 |
_aМосква _cURSS _cЛИБРОКОМ _d2009 |
||
| 215 |
_a236 с. _d22 |
||
| 300 | _aНа 4-й с. обл. авт.: В.А. Рубаков - д.ф.-м.н., проф., акад. | ||
| 313 | _aизд. проверено | ||
| 320 | _aБиблиогр.: с. 228-234 | ||
| 320 | _aПредм. указ.: с. 235-236 | ||
| 606 | 1 |
_aКалибровочное поле _jУчебные издания _92176205 _3RU\NLR\auth\661308876 |
|
| 610 | 0 | _aфермионы | |
| 686 |
_aВ315.6я73-1 _2rubbk |
||
| 686 | _aВ315.2я7 | ||
| 700 | 1 |
_aРубаков _bВ. А. _f1955- _gВалерий Анатольевич _4070 |
|
| 801 | 0 |
_aRU _bРКП _c20090529 _grcr |
|
| 801 | 1 |
_aRU _bРГБ _c20090529 |
|
| 801 | 2 |
_aRU _bNLR _c20090812 _grcr |
|
| 942 | _cBOOK | ||
| 980 | _aNB | ||